Szczegóły MARC21

Data-Warehouse-Systeme : Architektur, Entwicklung, Anwendung

005 -DATA I CZAS OSTATNIEJ MODYFIKACJI [,]
    • @
    • pole kontrolne
    • 20061115094328.0
020 -Międzynarod. znormalizowany nr książki - ISBN [ , ]
    • a
    • Numer ISBN
    • 3898642518 Find
040 -Instytucja sporządzająca opis [ , ]
    • a
    • Instytucja, która sporządziła opis (NP)
    • SZCZ U /IJ
    • c
    • Instytucja, która sporządziła rekord (NP)
    • SZCZ U/JŚ
041 -Język dokumentu [0, ]
    • a
    • Język tekstu (P)
    • niemiecki
044 -Kraj miejsca wydania [ , ]
    • a
    • Kraj miejsca wydania
    • Niemcy
942 -Rodzaj dokumentu [ , ]
    • c
    • Rodzaj dokumentu
    • Książka
245 -Strefa tytułu i oznaczenia odpowiedzialności [0,0]
    • a
    • Tytuł
    • Data-Warehouse-Systeme Find
    • b
    • Ciąg dalszy tytułu (NP)
    • : Architektur, Entwicklung, Anwendung Find
    • c
    • Pozostałe elementy strefy tytułu i oznaczenia odpowiedzialności (NP)
    • Andreas Bauer, Holger Gűnzel (Hrsg.). -
246 -Wariant tytułu [ , ]
    • a
    • Tytuł (NP)
    • Data, Warehouse, Systeme
    • b
    • Ciąg dalszy tytułu (NP)
    • : Architektur, Entwicklung, Anwendung
250 -Strefa wydania [ , ]
    • a
    • Oznaczenie wydania (NP)
    • 2., űberarb. und aktual. Aufl.
260 -Strefa adresu wydawniczego [ , ]
    • a
    • Miejsce wydania (P)
    • Heidelberg :
    • b
    • Nazwa wydawcy (P)
    • dpunkt.verlag,
    • c
    • Data wydania (P)
    • [cop.2004]. -
300 -Strefa opisu fizycznego [ , ]
    • a
    • Określenie formy książki i/lub objętość (NP)
    • XVI, 592 s. :
    • b
    • Oznaczenie ilustracji (NP)
    • il. ;
    • c
    • Format (NP)
    • 24 cm.
500 -Uwaga ogólna [ , ]
    • a
    • Uwaga ogólna (NP)
    • Bibliogr. Ind.
080 -Uniwersalna Klasyfikacja Dziesiętna [ , ]
    • 2
    • Identyfikator wydania tablic
    • UDC-P022
    • a
    • Symbol klasyfikacji
    • 004.651
    • b
    • Dopowiedzenie
    • Organizacja zbiorów bazy danych.
    • b
    • Dopowiedzenie
    • =język niemiecki
    • x
    • Poddział wspólny
    • =112.2
080 -Uniwersalna Klasyfikacja Dziesiętna [ , ]
    • 2
    • Identyfikator wydania tablic
    • UDC-P022
    • a
    • Symbol klasyfikacji
    • 519.8
    • b
    • Dopowiedzenie
    • Badania operacyjne. Teoria podejmowania decyzji.
    • b
    • Dopowiedzenie
    • =język niemiecki
    • x
    • Poddział wspólny
    • =112.2
080 -Uniwersalna Klasyfikacja Dziesiętna [ , ]
    • 2
    • Identyfikator wydania tablic
    • UDC-P022
    • a
    • Symbol klasyfikacji
    • 65.012.4
    • b
    • Dopowiedzenie
    • Kierownictwo. Technika i metodyka kierowania . Informacja wewnątrzzakładowa. Droga służbowa. Kontrola kierownictwa.
    • b
    • Dopowiedzenie
    • =język niemiecki
    • x
    • Poddział wspólny
    • =112.2
080 -Uniwersalna Klasyfikacja Dziesiętna [ , ]
    • 2
    • Identyfikator wydania tablic
    • UDC-P022
    • a
    • Symbol klasyfikacji
    • 658.1/.5
    • b
    • Dopowiedzenie
    • Organizacja przedsiębiorstwa.
    • b
    • Dopowiedzenie
    • =język niemiecki
    • x
    • Poddział wspólny
    • =112.2
980 -Symbol UKD [ , ]
    • a
    • UKD
    • 004.651:519.8:65.012.4:658.1/.5]=112.2
700 -Hasło dodatkowe - nazwa osobowa [1, ]
    • a
    • Nazwa osobowa (NP)
    • Bauer, Andreas. Find
    • e
    • Określenie rodzaju współpracy
    • Red.
700 -Hasło dodatkowe - nazwa osobowa [1, ]
    • a
    • Nazwa osobowa (NP)
    • Gűnzel, Holger. Find
    • e
    • Określenie rodzaju współpracy
    • Red.
920 -ISBN [ , ]
    • a
    • ISBN
    • 3-89864-251-8 Find
Status udost. Numer inwentarzowy Sygnatura Lokalizacja Data inwentaryzacji
-2S.92515FUNDACJA POLSKO-NIEMIECKABE2006-11-03